00826nam a22002417a 450000500170000001000130001702000100003003500130004003700160005304000120006908200150008110000270009624500620012326000440018527000590022930000220028865000420031065000340035270000320038694200250041899900190044395201220046220170124110238.0 aA-952780 c00.00 aA-952780 bCen Lib/Ret aDPLbEN a158.1bCAN aCanfield, Jack 992859 aDare to win /cby Jack Canfield [and] Mark Victor Hansen  aMumbaibMagna Publishing Company c1994 a100/E, old Prabhdevi road, Prabhadevi bMumbaie400025 axiv, 205p.c20cm. aPsychology -- Affirm yourself 992860 aStrengthening of mind 992861 aHansen, Mark Victor 992862 2ddccENh158.1mCAN  c135010d135010 00134070aLbLd2015-09-29eCen Lib/Retg0.00l0o158.1 CANpA-952780r2015-09-29 00:00:00t1v0.00w2015-09-29yEN